Gosudarstvennaja podderžka konversionnych processov v SŠA.

V USA vzniká nevyhnutnosť zníženia vojenského rozpočtu a štátnych vojenských zákazok. Vojensko-priemyselný komplex predstavuje vedúci sektor americkej ekonomiky. V tomto sektore pracuje veľký počet vedcov, inžinierov a technikov a množstvo výskumných laboratórií. Znižovanie vojenských výdavkov znižu...

Descrizione completa

Salvato in:
Dettagli Bibliografici
Autore principale: Tolkačev, S.
Natura: Capitolo di libro
Lingua:russo
Soggetti:
Tags: Aggiungi Tag
Nessun Tag, puoi essere il primo ad aggiungerne!!

MARC

LEADER 00000naa a2200000 4500
001 r011557
005 20221130113203.8
041 0 |a rus 
044 |a [SU] 
245 1 0 |a Gosudarstvennaja podderžka konversionnych processov v SŠA.  |c S. Tolkačev 
520 |a V USA vzniká nevyhnutnosť zníženia vojenského rozpočtu a štátnych vojenských zákazok. Vojensko-priemyselný komplex predstavuje vedúci sektor americkej ekonomiky. V tomto sektore pracuje veľký počet vedcov, inžinierov a technikov a množstvo výskumných laboratórií. Znižovanie vojenských výdavkov znižuje zamestnanosť nielen vo vojenských odvetviach, ale aj v nadväzujúcich službách, vedie k poklesu výroby. Názory na konverziu a cesty riešenia konverzie v USA. 
610 2 0 |a konverzia priemyslu 
610 2 0 |a komplex vojensko-priemyselný 
610 2 0 |a USA 
610 2 0 |a výdavky rozpočtu štátneho 
610 2 0 |a úspory 
610 2 0 |a zamestnanosť 
100 1 |a Tolkačev, S.